Arthropod pests and natural enemies on cashew tree in prasambo district, kampong thom province, (ប្រភេទសត្វល្អិតចង្រៃនិងមានប្រយោជន៏លើដំណាំស្វាយចន្ទីនៅស្រុកប្រាសាទសំបូរខេត្តកំពង់ធំ) (Record no. 1393)

000 -LEADER
fixed length control field 00708nam a22001577a 4500
003 - CONTROL NUMBER IDENTIFIER
control field OSt
005 - DATE AND TIME OF LATEST TRANSACTION
control field 20150928110751.0
008 - FIXED-LENGTH DATA ELEMENTS--GENERAL INFORMATION
fixed length control field 150928b xxu||||| |||| 00| 0 eng d
040 ## - CATALOGING SOURCE
Transcribing agency RUA
082 ## - DEWEY DECIMAL CLASSIFICATION NUMBER
Classification number AGR THA 2010 B047 Or.1
100 ## - MAIN ENTRY--PERSONAL NAME
9 (RLIN) 1482
Personal name THANN, DARA
245 ## - TITLE STATEMENT
Title Arthropod pests and natural enemies on cashew tree in prasambo district, kampong thom province, (ប្រភេទសត្វល្អិតចង្រៃនិងមានប្រយោជន៏លើដំណាំស្វាយចន្ទីនៅស្រុកប្រាសាទសំបូរខេត្តកំពង់ធំ)
260 ## - PUBLICATION, DISTRIBUTION, ETC. (IMPRINT)
Place of publication, distribution, etc. Phnom Penh
Name of publisher, distributor, etc. RUA
Date of publication, distribution, etc. 2010
300 ## - PHYSICAL DESCRIPTION
Extent xii, 73p.
Other physical details ill.
Dimensions 29cm.
942 ## - ADDED ENTRY ELEMENTS (KOHA)
Source of classification or shelving scheme
Koha item type AGR
Holdings
Price effective from Date last seen Permanent Location Not for loan Date acquired Source of classification or shelving scheme Koha item type Lost status Withdrawn status Date last checked out Total Checkouts Shelving location Damaged status Barcode Current Location Full call number
2015-09-282018-08-01Library Block B 2015-09-28 AGR  2018-07-203B047 RUA006937Library Block BAGR THA 2010 B047 Or.1
2015-09-282015-09-28Library Block B 2015-09-28 AGR    B047 RUA006136Library Block BAGR THA 2010 B047 Or.2
2015-09-282025-09-17Library Block B 2015-09-28 AGR  2025-07-164B047 RUA006595Library Block BAGR THA 2010 B047 Or.3
2015-09-282016-07-19Library Block B 2015-09-28 AGR  2016-07-051B047 RUA006672Library Block BAGR THA 2010 B047 Or.4
មជ្ឈមណ្ឌលឯការនៃសាកលវិទ្យាល័យភូមិន្ទកសិកម្មចំការដូង

Powered by Koha